|
|
|
|
| LEADER |
00913aam a22002418a 4500 |
| 001 |
00029318 |
| 005 |
20171026081022.0 |
| 008 |
120530s2012 ||||||viesd |
| 020 |
# |
# |
|a 9786047001170
|
| 041 |
0 |
# |
|a vie
|
| 082 |
1 |
4 |
|a 398.095 974 9
|b V250T
|
| 100 |
0 |
# |
|a Nguyễn Thế
|e Sưu tầm, giới thiệu
|
| 245 |
1 |
0 |
|a Về tín ngưỡng ở làng nghề vùng Bắc Thừa Thiên Huế
|c Nguyễn Thế (S.t, g.t.)
|
| 260 |
# |
# |
|a H.
|b Văn Hóa Dân Tộc
|c 2012
|
| 300 |
# |
# |
|a 263 tr.
|c 21 cm
|
| 500 |
# |
# |
|a ĐTTS ghi: Hội Văn nghệ dân gian Việt Nam
|
| 653 |
# |
# |
|a Làng nghề truyền thống
|
| 653 |
# |
# |
|a Thừa Thiên Huế
|
| 653 |
# |
# |
|a Văn hoá dân gian
|
| 852 |
# |
# |
|b Kho đọc
|j KD.0013625
|
| 852 |
# |
# |
|j KD.0013625
|
| 910 |
0 |
# |
|d 4/6/2012
|a kchi
|
| 980 |
# |
# |
|a Trung tâm Học liệu Lê Vũ Hùng, Trường Đại học Đồng Tháp
|